000 00282nam a22001337a 4500
008 170301b xxu||||| |||| 00| 0 eng d
020 _a9780781737388
041 _aeng
080 _a61
100 _a6
101 _aSHM
245 _aANESTHESIOLOGY
_cGLIDDEN, R.S
942 _2udc
_cBK
999 _c6521
_d6521